00682nam a2200181 a 450000100100000000500170001000800410002704000250006808200150009324500590010826000430016730000340021049000310024450000560027583000380033195201140036999900170048300003586620200930074658.0111115s1914 fr ac 000 0 fre d aDO-SdBNPbfrecBNPHU axxxxbF93100aFromentin :bhuit reproductions facsimile en couleurs. aParis :bPierre Lafitte et Cie,c1914. a80 p. :bil., retr. ;c20 cm.1 aLes peintres illustresv32 aEn la cubierta: Artistic-bibliothéque en couleurs 0aLes peintres illustresv32961839 0010507-18MOaGRbGRcOId2011-11-15iLF1l0oxxxx F931p35866-10r2020-06-25w2020-06-25y1ZNo se presta c35357d35357